000 00545nam a2200217Ia 4500
003 OSt
005 20221010155332.0
008 210210b2016 xxu||||| |||| 00| 0 eng d
020 _a9788192854410
040 _cAL
041 _aeng
082 _a576.028 CHAF
100 _aCHANDRA (Harish)
_959331
245 _aFundamental techniques in microbiology
260 _aNew Delhi
_bJohn Publishers
_c2016
300 _axii,395
690 _aMicrobiology
_959332
700 _aSRIVASTAVA (Jatin)
_959333
906 _a070160
942 _2ddc
_cBK
999 _c119634
_d119634